Spanish Speaking Countries - Statistics

General Stats
  • This quiz has been taken 151 times
  • The average score is 17 of 20
Answer Stats
Hint Answer % Correct
46,754,784 Spain
98%
113,724,226 Mexico
97%
41,769,726 Argentina
96%
29,248,943 Peru
93%
16,888,760 Chile
90%
3,460,462 Costa Rica
90%
3,460,462 Panama
90%
8,143,564 Honduras
89%
6,459,058 Paraguay
88%
27,635,743 Venezuela
88%
13,824,463 Guatemala
87%
11,087,330 Bolivia
85%
44,725,543 Colombia
85%
11,087,330 Cuba
85%
19,997,789 Ecuador
85%
6,071,774 El Salvador
85%
3,308,535 Uruguay
84%
5,666,301 Nicaragua
83%
9,956,648 Dominican Republic
80%
1,622,000 Equatorial Guinea
46%
No matching quizzes found
Score Distribution
Percent of People with Each Score
Percentile by Number Answered
Your Score History
You have not taken this quiz